Effeciciency of antibiotic drugs on swine salmonellosis in staung district, kampong thom province, (ប្រសិទ្ធភាពរបស់ថ្នំាអង់ទីប៊ីយ៉ូទិកទៅលើជំងឺសាល់ម៉ូណេឡូស៊ីសជ្រូក នៅស្រុកស្ទោង ខេត្តកំពង់ធំ) (Record no. 2176)

000 -LEADER
fixed length control field 00725nam a22001577a 4500
003 - CONTROL NUMBER IDENTIFIER
control field OSt
005 - DATE AND TIME OF LATEST TRANSACTION
control field 20151007161753.0
008 - FIXED-LENGTH DATA ELEMENTS--GENERAL INFORMATION
fixed length control field 151007b xxu||||| |||| 00| 0 eng d
040 ## - CATALOGING SOURCE
Transcribing agency RUA
082 ## - DEWEY DECIMAL CLASSIFICATION NUMBER
Classification number AVM HEN 2006 B077 Or.1
100 ## - MAIN ENTRY--PERSONAL NAME
9 (RLIN) 2310
Personal name HENG SUNVY
245 ## - TITLE STATEMENT
Title Effeciciency of antibiotic drugs on swine salmonellosis in staung district, kampong thom province, (ប្រសិទ្ធភាពរបស់ថ្នំាអង់ទីប៊ីយ៉ូទិកទៅលើជំងឺសាល់ម៉ូណេឡូស៊ីសជ្រូក នៅស្រុកស្ទោង ខេត្តកំពង់ធំ)
260 ## - PUBLICATION, DISTRIBUTION, ETC. (IMPRINT)
Place of publication, distribution, etc. phnom penh
Name of publisher, distributor, etc. rua
Date of publication, distribution, etc. 2006
300 ## - PHYSICAL DESCRIPTION
Extent ix, 40p.
Other physical details ill.
Dimensions 29cm.
942 ## - ADDED ENTRY ELEMENTS (KOHA)
Source of classification or shelving scheme
Koha item type AVM
Holdings
Price effective from Date last seen Permanent Location Not for loan Date acquired Source of classification or shelving scheme Koha item type Lost status Withdrawn status Date last checked out Total Checkouts Shelving location Damaged status Barcode Current Location Full call number
2015-10-072016-06-09Library Block B 2015-10-07 AVM  2016-05-261B077 RUA007821Library Block BAVM HEN 2006 B077 Or.1
2015-10-072018-02-12Library Block B 2015-10-07 AVM  2018-01-292B077 RUA007810Library Block BAVM HEN 2006 B077 Or.2
2015-10-072018-06-25Library Block B 2015-10-07 AVM  2018-05-231B077 RUA007822Library Block BAVM HEN 2006 B077 Or.3
មជ្ឈមណ្ឌលឯការនៃសាកលវិទ្យាល័យភូមិន្ទកសិកម្មចំការដូង

Powered by Koha